LEADER 02659nam 2200409za 450 001 9910480277303321 005 20211005101628.0 010 $a1-4757-2257-5 035 $a(MiAaPQ)EBC3084753 035 $a(EXLCZ)992660000000022216 100 $a20130203d1993 uy 0 101 0 $aeng 135 $aur|n|---||||| 200 10$aBiomechanics$b[electronic resource] $emechanical properties of living tissues /$fY. C. Fung 205 $a2nd ed. 210 $aNew York, N.Y. $cSpringer$d1993 215 $a1 online resource (xviii, 568 p.) $cill 320 $aIncludes bibliographical references at the end of each chapters and index. 327 $a1 Introduction: A Sketch of the History and Scope of the Field -- 2 The Meaning of the Constitutive Equation -- 3 The Flow Properties of Blood -- 4 Mechanics of Erythrocytes, Leukocytes, and Other Cells -- 5 Interaction of Red Cells with Vessel Wall, and Wall Shear with Endothelium -- 6 Bioviscoelastic Fluids -- 7 Bioviscoelastic Solids -- 8 Mechanical Properties and Active Remodeling of Blood Vessels -- 9 Skeletal Muscle -- 10 Heart Muscle -- 11 Smooth Muscles -- 12 Bone and Cartilage -- Author Index. 330 $aThe objective of this book remains the same as that stated in the first edition: to present a comprehensive perspective of biomechanics from the stand point of bioengineering, physiology, and medical science, and to develop mechanics through a sequence of problems and examples. My three-volume set of Bio­ mechanics has been completed. They are entitled: Biomechanics: Mechanical Properties of Living Tissues; Biodynamics: Circulation; and Biomechanics: Motion, Flow, Stress, and Growth; and this is the first volume. The mechanics prerequisite for all three volumes remains at the level of my book A First Course in Continuum Mechanics (3rd edition, Prentice-Hall, Inc., 1993). In the decade of the 1980s the field of Biomechanics expanded tremen­ dously. New advances have been made in all fronts. Those that affect the basic understanding of the mechanical properties of living tissues are described in detail in this revision. The references are brought up to date. 606 $aBiomechanics 606 $aLife sciences 606 $aBiomedical engineering 606 $aRheology (Biology) 606 $aTissues 608 $aElectronic books. 615 0$aBiomechanics. 615 0$aLife sciences. 615 0$aBiomedical engineering. 615 0$aRheology (Biology) 615 0$aTissues. 676 $a612.014 700 $aFung$b Y. C$0443624 906 $aBOOK 912 $a9910480277303321 996 $aBiomechanics$92184956 997 $aUNINA